00496nam a2200157 i 450000100060000000300090000600500170001500700030003200800410003511100660007624500640014226000510020630000210025765000340027885200260031261547ES-MaACL20230906164501.0t|031112s1913 sp c |||| | spa d2 aExposición Nacional de Artes Decorativas (d1913. cMadrid)10aCatálogo oficial de la Exposición de Artes Decorativas. a[Madrid : bs.n., c1913] (fArtes Gráficas) a54 p. ; c19 cm. aArtes decorativas-zEspaña. aES-MaACLjFol-Laf-406